[Event "Ontario op"]
[Site "Toronto CAN"]
[Date "2014.05.17"]
[Round "2"]
[White "Yuan, Yuanling"]
[Black "Cheng, Bindi"]
[Result "0-1"]
[WhiteElo "2331"]
[BlackElo "2509"]
[PlyCount "122"]
[EventDate "2014.05.17"]
[EventType "swiss"]
[EventRounds "6"]
[EventCountry "CAN"]

1. e4 g6 2. d4 Bg7 3. f4 c5 4. dxc5 Qa5+ 5. c3 Qxc5 6. Nf3 Nc6 7. Bd3 Nf6 8.
Qe2 O-O 9. Be3 Qa5 10. Nbd2 Qc7 11. Nd4 d6 12. h3 Nh5 13. Qf2 e5 14. Nb5 Qe7
15. fxe5 Nxe5 16. Be2 f5 17. O-O f4 18. Bd4 Ng3 19. Rfd1 Nxe2+ 20. Qxe2 f3 21.
Nxf3 Nxf3+ 22. gxf3 Qg5+ 23. Kh1 Qh5 24. Bxg7 Rxf3 25. Qc4+ Kxg7 26. Qd4+ Rf6
27. Rf1 Qxh3+ 28. Kg1 Qg3+ 29. Kh1 Qh4+ 30. Kg1 Qg5+ 31. Kh1 Bh3 32. Qxf6+ Qxf6
33. Rxf6 Kxf6 34. Nxd6 b6 35. Rd1 Ke7 36. Nb5 Rf8 37. Rd2 Bd7 38. Nc7 Bc6 39.
Kh2 Rf3 40. Nd5+ Ke6 41. Kg2 Rf7 42. c4 Ke5 43. Re2 g5 44. Kg3 Bd7 45. Rh2 Kxe4
46. Rxh7 Rxh7 47. Nf6+ Kd3 48. Nxh7 Kc2 49. b4 Kc3 50. c5 b5 51. a3 Kb3 52. Nf6
Be6 53. Ne8 Kxa3 54. Nc7 Bd7 55. Nd5 Kb3 56. Ne7 Kxb4 57. c6 Be6 58. c7 Kc5 59.
c8=Q+ Bxc8 60. Nxc8 b4 61. Ne7 b3 0-1

[Event "Ontario op U1500"]
[Site "Toronto CAN"]
[Date "2014.05.17"]
[Round "1"]
[White "Pishdad, Hassan"]
[Black "Lukezich, John"]
[Result "0-1"]
[WhiteElo "1139"]
[BlackElo "1498"]
[PlyCount "82"]
[EventDate "2014.05.17"]
[EventType "swiss"]
[EventRounds "6"]
[EventCountry "CAN"]

1. d4 Nf6 2. c4 g6 3. Nc3 d5 4. e3 Bg7 5. h3 O-O 6. Bd3 b6 7. Nf3 Bb7 8. cxd5
Nxd5 9. O-O Nxc3 10. bxc3 e6 11. e4 c5 12. Be3 c4 13. Bc2 Na6 14. a3 Nc7 15.
Rb1 Qd7 16. a4 Rad8 17. Qc1 Rc8 18. Nd2 Na8 19. Rb4 Nc7 20. Rxc4 Ba6 21. Bb3
Bxc4 22. Nxc4 Ne8 23. Qa1 Nd6 24. Nxd6 Qxd6 25. Bc1 Qc7 26. Bd2 a5 27. e5 h5
28. c4 Rfd8 29. Bf4 Kh7 30. Rd1 Qe7 31. d5 exd5 32. cxd5 Qb4 33. Bg5 Re8 34. d6
Bxe5 35. Qxe5 Rxe5 36. d7 Qxb3 37. dxc8=Q Qxd1+ 38. Kh2 Rxg5 39. Qc7 Qd5 40. f3
Qe5+ 41. Qxe5 Rxe5 0-1

[Event "Outaouais op (TORO) U1500"]
[Site "Gatineau CAN"]
[Date "2014.06.06"]
[Round "1"]
[White "Simard, Paul"]
[Black "Yu, Benjamin"]
[Result "0-1"]
[WhiteElo "1153"]
[BlackElo "1398"]
[PlyCount "65"]
[EventDate "2014.06.06"]
[EventType "swiss"]
[EventRounds "5"]
[EventCountry "CAN"]

1. f4 e5 2. fxe5 d6 3. Nf3 dxe5 4. Nc3 Nc6 5. e3 Bc5 6. Bb5 Nge7 7. O-O a6 8.
Bxc6+ Nxc6 9. b3 O-O 10. Bb2 Bg4 11. h3 Bf5 12. g4 Be6 13. Ne4 Bb6 14. Qe2 Bc8
15. c3 Be6 16. d4 exd4 17. cxd4 a5 18. Rad1 a4 19. a3 Bxb3 20. Rc1 Bd5 21. Ng3
Bxf3 22. Rxf3 Re8 23. Nh5 Bxd4 24. Rxc6 bxc6 25. Bxd4 Qxd4 26. Qe1 Qc5 27. Qa1
f6 28. Kh2 Rxe3 29. Qg1 Re2+ 30. Kh1 Qd5 31. Qg3 Qd1+ 32. Qg1 Re1 33. Rf1 0-1

[Event "Outaouais op (TORO) U1500"]
[Site "Gatineau CAN"]
[Date "2014.06.07"]
[Round "2"]
[White "Bernatchez, Lucas"]
[Black "Soskic, Milan"]
[Result "1-0"]
[WhiteElo "1389"]
[BlackElo "1353"]
[PlyCount "78"]
[EventDate "2014.06.06"]
[EventType "swiss"]
[EventRounds "5"]
[EventCountry "CAN"]

1. d4 d5 2. c4 e6 3. Nc3 Nf6 4. Nf3 Be7 5. Bg5 Nbd7 6. e3 c6 7. cxd5 Nxd5 8.
Bxe7 Nxe7 9. Bd3 b6 10. O-O Bb7 11. Rc1 Rc8 12. Ne4 Qc7 13. b4 O-O 14. Neg5 h6
15. Ne4 f5 16. Ng3 g5 17. Nh5 g4 18. Nh4 Nd5 19. a3 Rf7 20. e4 Nf4 21. Ng3 Qd8
22. Nhxf5 exf5 23. Nxf5 Rxf5 24. exf5 Qg5 25. Bc4+ Nd5 26. Qd3 N7f6 27. Rce1
Kh8 28. g3 Rf8 29. Bxd5 Nxd5 30. Re5 Nf6 31. Rfe1 Qg7 32. Re7 Rf7 33. Rxf7 Qxf7
34. Qe3 Ba6 35. Qxh6+ Kg8 36. Re6 Bc4 37. Rxf6 Qg7 38. Qxg7+ Kxg7 39. Rxc6 b5
1-0

[Event "Outaouais op (TORO) U1500"]
[Site "Gatineau CAN"]
[Date "2014.06.07"]
[Round "2"]
[White "Liboiron, Alain"]
[Black "Latreille, Etienne"]
[Result "1/2-1/2"]
[WhiteElo "1275"]
[BlackElo "1391"]
[PlyCount "62"]
[EventDate "2014.06.06"]
[EventType "swiss"]
[EventRounds "5"]
[EventCountry "CAN"]

1. f4 d5 2. Nf3 b6 3. e3 e6 4. b3 Bb7 5. Bb2 Nc6 6. Bb5 Nge7 7. O-O a6 8. Be2
Qd7 9. d4 Nf5 10. Qd2 Bd6 11. Nc3 Nce7 12. Bd3 c5 13. Bxf5 Nxf5 14. Rae1 O-O
15. e4 Nxd4 16. Nxd4 cxd4 17. Na4 Qc6 18. Qxd4 Bc5 19. Nxc5 Qxc5 20. Qxc5 bxc5
21. exd5 exd5 22. Re7 Bc6 23. Rfe1 Rfe8 24. Ba3 c4 25. c3 g6 26. Kf2 Kg7 27.
Rxe8 Rxe8 28. Rxe8 Bxe8 29. Ke3 cxb3 30. axb3 Kf6 31. Kd4 Ke6 1/2-1/2

[Event "Outaouais op (TORO) U1500"]
[Site "Gatineau CAN"]
[Date "2014.06.07"]
[Round "3"]
[White "Gareau, Jacques"]
[Black "Courtemanche, Sylvain"]
[Result "0-1"]
[WhiteElo "1225"]
[BlackElo "1331"]
[PlyCount "54"]
[EventDate "2014.06.06"]
[EventType "swiss"]
[EventRounds "5"]
[EventCountry "CAN"]

1. b4 e5 2. a3 a5 3. b5 Bc5 4. e3 Qe7 5. Bb2 Nf6 6. Ne2 d6 7. d4 exd4 8. exd4
Bb6 9. Nbc3 Bd7 10. Qd3 d5 11. O-O-O Ng4 12. Qg3 Qf6 13. f3 Ne3 14. Rd3 Nc4 15.
Nxd5 Qh6+ 16. f4 Bxb5 17. Re3+ Nxe3 18. Nxb6 Nxf1 19. Rxf1 cxb6 20. Re1 O-O 21.
Nc3 Ba6 22. d5 Nd7 23. Kb1 Rfe8 24. Rd1 Nf6 25. Qf3 Rac8 26. Rd2 Re1+ 27. Ka2
Bc4# 0-1

[Event "Outaouais op (TORO) U1900"]
[Site "Gatineau CAN"]
[Date "2014.06.??"]
[Round "1"]
[White "Bilodeau, Victor"]
[Black "Danilov, Alex"]
[Result "1-0"]
[WhiteElo "1609"]
[BlackElo "1843"]
[PlyCount "115"]
[EventDate "2014.06.06"]
[EventType "swiss"]
[EventRounds "5"]
[EventCountry "CAN"]

1. d4 Nf6 2. c4 e6 3. Nf3 Bb4+ 4. Bd2 Bxd2+ 5. Qxd2 b6 6. e3 Bb7 7. Be2 O-O 8.
Nc3 d5 9. cxd5 exd5 10. O-O Nbd7 11. Rac1 c5 12. Nb5 Ne4 13. Qc2 a6 14. Nc3
cxd4 15. Nxd4 Rc8 16. Qd1 Qf6 17. Nxe4 dxe4 18. Rxc8 Rxc8 19. Bg4 Rc7 20. Qb1
Ne5 21. Bf5 Nd3 22. f3 Qe5 23. f4 Qc5 24. Bg4 Nb4 25. Bd1 Qc1 26. Qxc1 Rxc1 27.
Bb3 Nd3 28. Rxc1 Nxc1 29. Bc2 Nxa2 30. Ne2 Nb4 31. Bb1 Nd3 32. b3 Bd5 33. Nd4
a5 34. Kf1 Nc5 35. Bc2 Kf8 36. Ke2 g6 37. Kd2 Ke7 38. Kc3 f6 39. b4 axb4+ 40.
Kxb4 Nd3+ 41. Kc3 Ne1 42. g3 Kd6 43. Nb5+ Kc5 44. Nc7 Nxc2 45. Kxc2 b5 46. Ne8
b4 47. Nxf6 Bc6 48. Kb3 Kb5 49. g4 Ka5 50. Nxh7 Bd5+ 51. Kb2 Kb5 52. f5 gxf5
53. gxf5 Kc4 54. Nf6 Bc6 55. h4 Kd3 56. Ng4 Bd7 57. Ne5+ Kxe3 58. Nxd7 1-0

[Event "Outaouais op (TORO) U1900"]
[Site "Gatineau CAN"]
[Date "2014.06.??"]
[Round "1"]
[White "Danis, Jacques"]
[Black "Tremblay, Mario"]
[Result "0-1"]
[WhiteElo "1530"]
[BlackElo "1676"]
[PlyCount "100"]
[EventDate "2014.06.06"]
[EventType "swiss"]
[EventRounds "5"]
[EventCountry "CAN"]

1. e4 Nf6 2. e5 Nd5 3. d4 d6 4. c4 Nb6 5. exd6 cxd6 6. Bd3 g6 7. Ne2 Bg7 8.
Nbc3 Nc6 9. Be3 O-O 10. O-O e5 11. d5 Ne7 12. f3 f5 13. Qd2 f4 14. Bf2 Bf5 15.
Rac1 Bxd3 16. Qxd3 Rf5 17. Ne4 Qd7 18. g4 fxg3 19. N2xg3 Rf4 20. Be3 Rh4 21.
Bg5 Rf4 22. Rc2 Rff8 23. b3 Nf5 24. Kg2 h6 25. Bc1 Rf7 26. Ba3 Raf8 27. Nxf5
gxf5 28. Nxd6 e4 29. Qe3 exf3+ 30. Qxf3 Rf6 31. c5 Nc8 32. Nxc8 Rxc8 33. Rcf2
Ra6 34. Bb4 Qb5 35. Qf4 Rf6 36. Qc4 Qd7 37. Qd3 Rcf8 38. c6 bxc6 39. Bxf8 Rxf8
40. Rxf5 Rd8 41. Rd1 c5 42. d6 Bd4 43. Qg3+ Kh7 44. Qf4 Rg8+ 45. Kh3 Rg5 46.
Rf1 Kg6 47. Qxg5+ hxg5 48. Kg4 Be3 49. h4 gxh4 50. R1f3 h3 0-1

[Event "Outaouais op (TORO) U1900"]
[Site "Gatineau CAN"]
[Date "2014.06.??"]
[Round "1"]
[White "Guentchev, Radoslav"]
[Black "Ju, Terrence"]
[Result "0-1"]
[WhiteElo "1674"]
[BlackElo "1524"]
[PlyCount "55"]
[EventDate "2014.06.06"]
[EventType "swiss"]
[EventRounds "5"]
[EventCountry "CAN"]

1. d4 Nf6 2. Nf3 g6 3. Bf4 Bg7 4. Be5 d6 5. Bxf6 Bxf6 6. e4 Nc6 7. c3 O-O 8. d5
Ne5 9. Nxe5 Bxe5 10. Be2 f5 11. exf5 Bxf5 12. O-O Qe8 13. Bg4 Qd7 14. Bxf5 Rxf5
15. Nd2 Qb5 16. Qb3 Qb6 17. Qxb6 axb6 18. Nf3 Bf6 19. Rfd1 Ra5 20. Rd3 Rfxd5
21. Rxd5 Rxd5 22. Re1 c5 23. g3 c4 24. Re2 Kf7 25. Nd2 Rc5 26. f4 d5 27. Nf3
Rc6 28. Kf2 {
et je suis incapable de reconstituer la partie qui s'est terminÃ e au 52e coup.
} 0-1

[Event "Outaouais op (TORO) U1900"]
[Site "Gatineau CAN"]
[Date "2014.06.??"]
[Round "1"]
[White "Gunapalan, David"]
[Black "Raymond, Daniel"]
[Result "1-0"]
[WhiteElo "1858"]
[BlackElo "1621"]
[PlyCount "99"]
[EventDate "2014.06.06"]
[EventType "swiss"]
[EventRounds "5"]
[EventCountry "CAN"]

1. e4 c5 2. Nc3 Nc6 3. Bc4 e6 4. f4 Nf6 5. e5 d5 6. exf6 dxc4 7. fxg7 Bxg7 8.
Nf3 Nd4 9. O-O O-O 10. Ne2 b6 11. c3 Nf5 12. Qe1 Bb7 13. Ng3 Qd5 14. Nxf5 Qxf5
15. Ne5 Bxe5 16. Qxe5 Qe4 17. Qxe4 Bxe4 18. b4 cxb3 19. axb3 Bd3 20. Rf3 Bf5
21. Rg3+ Bg6 22. Kf2 Rfd8 23. Ke2 f6 24. c4 Kf7 25. Bb2 a5 26. Bc3 Rac8 27. Re3
Bf5 28. h3 h5 29. Rg1 Rg8 30. Kf2 Rg6 31. d4 cxd4 32. Bxd4 Rb8 33. Re2 Rb7 34.
Kf3 Bxh3 35. gxh3 Rxg1 36. Bxg1 f5 37. Be3 b5 38. c5 a4 39. b4 Rc7 40. Bd4 Rd7
41. Ke3 Ke8 42. Rg2 Kd8 43. Rg8+ Kc7 44. Rg7 Rxg7 45. Bxg7 Kc6 46. Bb2 Kd5 47.
Kd3 a3 48. Ba1 h4 49. Kc2 Kc4 50. c6 1-0

[Event "Outaouais op (TORO) U1900"]
[Site "Gatineau CAN"]
[Date "2014.06.??"]
[Round "1"]
[White "Ju, Lawrence"]
[Black "Tak Mok, Yuen"]
[Result "1-0"]
[WhiteElo "1600"]
[BlackElo "1776"]
[PlyCount "63"]
[EventDate "2014.06.06"]
[EventType "swiss"]
[EventRounds "5"]
[EventCountry "CAN"]

1. d4 d5 2. c4 c6 3. Nc3 e6 4. Nf3 dxc4 5. e4 b5 6. a4 Bb4 7. Bd2 a5 8. axb5
Bxc3 9. Bxc3 cxb5 10. d5 Nf6 11. Bxf6 gxf6 12. Nd4 exd5 13. Nxb5 O-O 14. Qxd5
Ra6 15. Bxc4 Qe7 16. O-O Bb7 17. Qh5 Qxe4 18. Qf3 Qxc4 19. Qxb7 Qb4 20. Qd5 Re6
21. Nc7 Re5 22. Qf3 Qd6 23. Ra4 Kg7 24. Rd1 Qe7 25. Nd5 Qe6 26. Nf4 Qf5 27. Rd5
Rfe8 28. h3 Na6 29. Nh5+ Kg6 30. Qxf5+ Rxf5 31. Rxf5 Kxf5 32. Ng7+ 1-0

[Event "Outaouais op (TORO) U1900"]
[Site "Gatineau CAN"]
[Date "2014.06.??"]
[Round "1"]
[White "Kearnan, Daniel"]
[Black "Yergeau, Simon"]
[Result "1-0"]
[WhiteElo "1730"]
[BlackElo "1549"]
[PlyCount "123"]
[EventDate "2014.06.06"]
[EventType "swiss"]
[EventRounds "5"]
[EventCountry "CAN"]

1. d4 d5 2. c4 c6 3. Nf3 Nf6 4. Nc3 dxc4 5. a4 Bf5 6. Ne5 Nbd7 7. Nxc4 Nb6 8.
Ne5 e6 9. f3 a5 10. e4 Bg6 11. Nxg6 hxg6 12. Be3 Bb4 13. Be2 Qc7 14. g3 Nh5 15.
Kf2 Nf6 16. Bf4 Qe7 17. Qb3 Nbd7 18. Na2 e5 19. dxe5 Nxe5 20. Nxb4 axb4 21.
Bxe5 Qxe5 22. Qxb4 Qe7 23. Qxe7+ Kxe7 24. h4 Rhd8 25. b3 Rd2 26. Rhd1 Rad8 27.
Ke3 Rxd1 28. Rxd1 Rxd1 29. Bxd1 Nd7 30. Kd4 Kd6 31. Be2 f6 32. f4 b6 33. b4 c5+
34. Kc4 cxb4 35. Kxb4 Nc5 36. e5+ fxe5 37. fxe5+ Kxe5 38. Kb5 Kd6 39. Bd1 Kc7
40. Bc2 Ne6 41. Bxg6 Nd4+ 42. Kc4 Nf3 43. Kd5 Kd7 44. Bf5+ Ke7 45. Be4 Nd2 46.
Bd3 Nb3 47. Kc6 Nc5 48. Bc2 Nd7 49. Bf5 Nc5 50. Bc2 Nd7 51. g4 Kd8 52. g5 Ke7
53. h5 Kd8 54. h6 gxh6 55. gxh6 Ne5+ 56. Kxb6 Ke7 57. h7 Nf7 58. a5 Kf8 59. a6
Kg7 60. a7 Ne5 61. a8=Q Nd7+ 62. Kc7 1-0

[Event "Outaouais op (TORO) U1900"]
[Site "Gatineau CAN"]
[Date "2014.06.??"]
[Round "1"]
[White "Lecorre, Joel"]
[Black "Gendron, Roger"]
[Result "1-0"]
[WhiteElo "1694"]
[BlackElo "1531"]
[PlyCount "67"]
[EventDate "2014.06.06"]
[EventType "swiss"]
[EventRounds "5"]
[EventCountry "CAN"]

1. e4 d5 2. exd5 Qxd5 3. Nc3 Qd6 4. Nf3 a6 5. d4 Bg4 6. Be2 Nd7 7. Be3 e6 8.
Qd2 Ngf6 9. h3 Bh5 10. Bf4 Qc6 11. a3 Bd6 12. Rg1 Ne4 13. Nxe4 Qxe4 14. Bxd6
cxd6 15. Ng5 Qd5 16. Bxh5 O-O 17. Bf3 Qb5 18. c3 d5 19. Qc2 Nf6 20. Be2 Qc6 21.
Bd3 h6 22. Nh7 Nxh7 23. Bxh7+ Kh8 24. Bd3 b5 25. O-O-O Rab8 26. Kb1 a5 27. g4
Rfc8 28. Rc1 Qd6 29. Qd2 b4 30. cxb4 Rxc1+ 31. Rxc1 axb4 32. axb4 Qh2 33. Qe3
Ra8 34. Qg3 1-0

[Event "Outaouais op (TORO) U1900"]
[Site "Gatineau CAN"]
[Date "2014.06.??"]
[Round "1"]
[White "Lemieux, Serge"]
[Black "Akrib, Fouad"]
[Result "1-0"]
[WhiteElo "1556"]
[BlackElo "1733"]
[PlyCount "121"]
[EventDate "2014.06.06"]
[EventType "swiss"]
[EventRounds "5"]
[EventCountry "CAN"]

1. d4 Nf6 2. e3 g6 3. Bd3 Bg7 4. Nd2 d6 5. h3 Nbd7 6. Ngf3 O-O 7. O-O e5 8. c3
Re8 9. e4 exd4 10. cxd4 c5 11. d5 a6 12. a4 Rb8 13. Rb1 b5 14. axb5 axb5 15. b3
Ba6 16. Re1 Qc8 17. Qc2 Nh5 18. Nf1 h6 19. N1h2 Qd8 20. Ng4 Kh7 21. Be3 Rc8 22.
Qd2 c4 23. bxc4 bxc4 24. Bc2 Ne5 25. Nfxe5 Bxe5 26. Nxh6 Qd7 27. Ng4 c3 28. Qc1
Bg7 29. Ra1 Bb5 30. Ra7 Rc7 31. Rxc7 Qxc7 32. Bh6 f5 33. Bxg7 Qxg7 34. exf5
Rxe1+ 35. Qxe1 Nf4 36. fxg6+ Nxg6 37. Qe6 Bd7 38. Nf6+ Kh8 39. Nxd7 Nf4 40. Qg4
Qxg4 41. hxg4 Nxd5 42. Nf8 Nb4 43. Ng6+ Kg7 44. Bf5 c2 45. Bxc2 Nxc2 46. Ne7
Nb4 47. Nf5+ Kf6 48. Nxd6 Ke5 49. Nc4+ Kf4 50. Ne3 Nd3 51. Kf1 Ne5 52. Ke2 Ng6
53. g3+ Ke5 54. f4+ Kd4 55. Ng2 Nf8 56. Nh4 Nd7 57. g5 Nc5 58. f5 Ke5 59. Ke3
Ne4 60. g6 Nxg3 61. g7 1-0

[Event "Outaouais op (TORO) U1900"]
[Site "Gatineau CAN"]
[Date "2014.06.??"]
[Round "1"]
[White "Lord, Daniel"]
[Black "Fei, David"]
[Result "0-1"]
[WhiteElo "1646"]
[BlackElo "1899"]
[PlyCount "114"]
[EventDate "2014.06.06"]
[EventType "swiss"]
[EventRounds "5"]
[EventCountry "CAN"]

1. d4 d5 2. c4 dxc4 3. Nf3 Nf6 4. g3 c6 5. a4 Bf5 6. Bg2 Bxb1 7. Rxb1 e6 8. O-O
h6 9. Ne5 Bd6 10. Nxc4 Bc7 11. Qc2 O-O 12. Rd1 Nd5 13. Qb3 Na6 14. Bd2 Rb8 15.
Bc3 b5 16. Ne5 Bxe5 17. dxe5 Nc5 18. Qa3 Nxa4 19. e4 Naxc3 20. bxc3 Qe7 21.
Qxe7 Nxe7 22. Rd7 Nc8 23. Rbd1 a5 24. Rc7 Rb6 25. Rdd7 a4 26. Bh3 c5 27. Rxc5
a3 28. Rd2 Na7 29. Ra2 Ra6 30. Bf1 Rb8 31. Bd3 Rd8 32. Bxb5 Ra5 33. c4 Rd1+ 34.
Kg2 Rb1 35. Rd5 exd5 36. exd5 Nxb5 37. c5 Nc3 38. d6 Nxa2 39. c6 Rxe5 40. d7
Rd5 41. c7 Rxd7 42. c8=Q+ Kh7 43. Qc2+ g6 44. Qxb1 Nc3 45. Qb3 a2 46. Qxc3 Rd1
47. Qb3 a1=Q 48. Qxf7+ Qg7 49. Qf3 Qd7 50. Qe3 Rd3 51. Qf4 Qb7+ 52. Kh3 Rf3 53.
Qd4 Rf5 54. f4 Rd5 55. Qc3 Rh5+ 56. Kg4 Qd7+ 57. Kf3 Rxh2 0-1

[Event "Outaouais op (TORO) U1900"]
[Site "Gatineau CAN"]
[Date "2014.06.??"]
[Round "1"]
[White "Mathieu, Guillaume"]
[Black "Choiniere, Rene"]
[Result "1-0"]
[WhiteElo "1747"]
[BlackElo "1559"]
[PlyCount "45"]
[EventDate "2014.06.06"]
[EventType "swiss"]
[EventRounds "5"]
[EventCountry "CAN"]

1. c4 Nf6 2. Nc3 e6 3. g3 c5 4. Bg2 Nc6 5. e4 Be7 6. Nge2 O-O 7. O-O b6 8. d4
cxd4 9. Nxd4 Bb7 10. e5 Ne8 11. Bf4 Qc8 12. Ne4 f5 13. exf6 Nxf6 14. Nd6 Bxd6
15. Bxd6 Rf7 16. Nf3 h6 17. Re1 Ne8 18. Bf4 Nf6 19. Rc1 Ne8 20. a3 d6 21. Bh3
Re7 22. Bxd6 Nxd6 23. Qxd6 1-0

[Event "Outaouais op (TORO) U1900"]
[Site "Gatineau CAN"]
[Date "2014.06.??"]
[Round "1"]
[White "Poirier, Alexis"]
[Black "Lavergne, Daniel"]
[Result "0-1"]
[WhiteElo "1577"]
[BlackElo "1747"]
[PlyCount "58"]
[EventDate "2014.06.06"]
[EventType "swiss"]
[EventRounds "5"]
[EventCountry "CAN"]

1. e4 e5 2. Nf3 Nc6 3. Bb5 a6 4. Ba4 Nge7 5. O-O g6 6. d3 Bg7 7. Re1 b5 8. Bb3
O-O 9. c3 Na5 10. Bc2 d6 11. d4 c5 12. h3 Qc7 13. Qd3 Bd7 14. Be3 cxd4 15. cxd4
Nc4 16. Qc3 Rac8 17. Bb3 Nxe3 18. Rxe3 Qb6 19. Qd2 Bh6 20. dxe5 Bxe3 21. fxe3
Be6 22. exd6 Rfd8 23. Bxe6 fxe6 24. e5 Nf5 25. Nd4 Nxd4 26. exd4 Rc4 27. Na3
Rxd4 28. Qf2 Rf8 29. Qe3 Rd1+ 0-1

[Event "Outaouais op (TORO) U1900"]
[Site "Gatineau CAN"]
[Date "2014.06.??"]
[Round "1"]
[White "Poirier, Martin"]
[Black "Jobin, Gilles G"]
[Result "0-1"]
[WhiteElo "1540"]
[BlackElo "1703"]
[PlyCount "58"]
[EventDate "2014.06.06"]
[EventType "swiss"]
[EventRounds "5"]
[EventCountry "CAN"]

1. d4 Nf6 2. c4 e6 3. Nc3 d5 4. Nf3 c6 5. Bf4 Bd6 6. Bg5 Nbd7 7. e3 Bb4 8. Qb3
Qa5 9. Nd2 dxc4 10. Bxc4 Bxc3 11. Bxf6 Bxd2+ 12. Ke2 Nxf6 13. a3 Qg5 14. Kxd2
Ne4+ 15. Ke2 Qg4+ 16. Ke1 Qxg2 17. Rf1 Qxh2 18. Bd3 f5 19. Bc4 Qc7 20. Bxe6
Qa5+ 21. Ke2 Qd2+ 22. Kf3 Ng5+ 23. Kg2 Bxe6 24. Qxb7 Bd5+ 25. Kg3 O-O 26. Rad1
Ne4+ 27. Kh2 Qe2 28. Rg1 Qh5+ 29. Kg2 Nd6+ 0-1

[Event "Outaouais op (TORO) U1900"]
[Site "Gatineau CAN"]
[Date "2014.06.??"]
[Round "1"]
[White "Rodriguez, Jose Manuel"]
[Black "Labelle, Raymond"]
[Result "1/2-1/2"]
[WhiteElo "1652"]
[BlackElo "1387"]
[PlyCount "91"]
[EventDate "2014.06.06"]
[EventType "swiss"]
[EventRounds "5"]
[EventCountry "CAN"]

1. e4 e6 2. f4 d5 3. d4 Nc6 4. Bb5 Bd7 5. Bxc6 Bxc6 6. e5 Nh6 7. Nf3 Bb5 8. Nc3
Ba6 9. Ne2 c5 10. c3 Nf5 11. Qa4+ Qd7 12. Qxd7+ Kxd7 13. g4 Ne7 14. dxc5 Bd3
15. Be3 Be4 16. O-O h5 17. h3 hxg4 18. hxg4 Rh3 19. Kg2 Rh6 20. Ng3 Rg6 21.
Nxe4 dxe4 22. Ng5 Nd5 23. Kf2 Nxe3 24. Kxe3 Bxc5+ 25. Kxe4 Ke7 26. Kf3 f6 27.
Ne4 Bb6 28. exf6+ gxf6 29. Rh1 Rag8 30. Rh7+ Kf8 31. Nd6 R6g7 32. Rxg7 Rxg7 33.
Nc4 Bc7 34. Re1 Re7 35. f5 exf5 36. Rxe7 fxg4+ 37. Kxg4 Kxe7 38. Kf5 b5 39. Ne3
Kf7 40. Nd5 Bd8 41. b3 a5 42. a4 bxa4 43. bxa4 Be7 44. Nb6 Bd8 45. Nd5 Be7 46.
Nb6 1/2-1/2

[Event "Outaouais op (TORO) U1900"]
[Site "Gatineau CAN"]
[Date "2014.06.??"]
[Round "1"]
[White "Van Dusen, Eric"]
[Black "Vlasenko, Konstantin"]
[Result "0-1"]
[WhiteElo "1790"]
[BlackElo "1609"]
[PlyCount "100"]
[EventDate "2014.06.06"]
[EventType "swiss"]
[EventRounds "5"]
[EventCountry "CAN"]

1. d4 d5 2. c4 e6 3. Nc3 Nf6 4. cxd5 exd5 5. Bg5 c6 6. Qc2 Be7 7. e3 Nbd7 8.
Bd3 Nf8 9. Nge2 Ng6 10. O-O Qd6 11. h3 h6 12. Bxf6 Qxf6 13. Rab1 Qg5 14. Bxg6
fxg6 15. Kh1 Bd6 16. Ng1 O-O 17. f4 Qe7 18. Rbe1 Bf5 19. Qd2 g5 20. Nf3 g4 21.
hxg4 Bxg4 22. Ne5 Qh4+ 23. Kg1 Bxe5 24. fxe5 Rf5 25. Rxf5 Bxf5 26. Qf2 Qxf2+
27. Kxf2 Rf8 28. Kg1 b5 29. a3 a5 30. e4 dxe4 31. Nxe4 Rd8 32. Nd6 Be6 33. b4
a4 34. Rf1 Rf8 35. Rxf8+ Kxf8 36. Kf2 Ke7 37. Ke3 Bd5 38. g3 Ke6 39. Kd3 h5 40.
Ke3 g5 41. Kf2 Bc4 42. Ke3 Ba2 43. Ne4 Kf5 44. Nc5 h4 45. gxh4 gxh4 46. Kf3
Bd5+ 47. Kf2 Kg4 48. Kg1 Kg3 49. e6 h3 50. e7 h2+ 0-1

[Event "Outaouais op (TORO) U1900"]
[Site "Gatineau CAN"]
[Date "2014.06.??"]
[Round "1"]
[White "Villeneuve, Luc"]
[Black "Mathieu, Jeremie"]
[Result "1-0"]
[WhiteElo "1753"]
[BlackElo "1584"]
[PlyCount "93"]
[EventDate "2014.06.06"]
[EventType "swiss"]
[EventRounds "5"]
[EventCountry "CAN"]

1. Nf3 Nf6 2. d4 g6 3. c4 Bg7 4. Nc3 O-O 5. e4 d6 6. Be2 c6 7. O-O Nbd7 8. h3
e5 9. Be3 Qc7 10. d5 a6 11. Nd2 Ne8 12. g4 f5 13. exf5 gxf5 14. gxf5 Nb6 15.
Qb3 c5 16. Kh2 Bxf5 17. Nce4 Nf6 18. Ng3 Bg6 19. h4 h5 20. Qd1 Qf7 21. Rg1 Kh7
22. Kh1 Bh6 23. Bxh6 Kxh6 24. Qb3 Qd7 25. Qe3+ Kh7 26. Kh2 Ng4+ 27. Bxg4 Qxg4
28. Qg5 Rxf2+ 29. Rg2 Raf8 30. Qxg4 hxg4 31. h5 Bd3 32. Rc1 R8f4 33. b3 e4 34.
Re1 Kh6 35. Ndxe4 Nxc4 36. bxc4 Bxc4 37. Nxf2 Bxd5 38. Nfe4 c4 39. Nxd6 Bxg2
40. Kxg2 Kg5 41. Re5+ Kh6 42. Re6+ Kh7 43. Re7+ Kh6 44. Rxb7 Rf6 45. Ndf5+ Kg5
46. Nd4 Rf4 47. Ne6+ 1-0

[Event "Outaouais op (TORO) U1900"]
[Site "Gatineau CAN"]
[Date "2014.06.??"]
[Round "2"]
[White "Akrib, Fouad"]
[Black "Danis, Jacques"]
[Result "1-0"]
[WhiteElo "1733"]
[BlackElo "1530"]
[PlyCount "65"]
[EventDate "2014.06.06"]
[EventType "swiss"]
[EventRounds "5"]
[EventCountry "CAN"]

1. e4 g6 2. d4 Bg7 3. Nc3 c5 4. Nf3 cxd4 5. Nxd4 Nc6 6. Be3 d6 7. Qd2 Nf6 8. f3
Bd7 9. Bc4 Rc8 10. Bb3 Nxd4 11. Bxd4 b6 12. O-O-O O-O 13. Kb1 Bc6 14. g4 e5 15.
Be3 Ne8 16. h4 Bd7 17. h5 Be6 18. Nd5 f6 19. hxg6 hxg6 20. g5 Kf7 21. Rh7 Rg8
22. gxf6 Nxf6 23. Bg5 Nxh7 24. Bxd8 Rcxd8 25. Rg1 Nf6 26. Nxf6 Bxf6 27. Bxe6+
Kxe6 28. a4 Bh4 29. Qh6 Bf6 30. Rxg6 Rxg6 31. Qxg6 d5 32. Qf5+ Kf7 33. f4 1-0

[Event "Outaouais op (TORO) U1900"]
[Site "Gatineau CAN"]
[Date "2014.06.??"]
[Round "2"]
[White "Fei, David"]
[Black "Bilodeau, Victor"]
[Result "1-0"]
[WhiteElo "1899"]
[BlackElo "1609"]
[PlyCount "57"]
[EventDate "2014.06.06"]
[EventType "swiss"]
[EventRounds "5"]
[EventCountry "CAN"]

1. c4 c5 2. Nf3 Nf6 3. g3 d6 4. Bg2 g6 5. O-O Bg7 6. Nc3 O-O 7. d4 cxd4 8. Nxd4
Nbd7 9. Nd5 Nxd5 10. cxd5 Nf6 11. h3 Bd7 12. e4 Qc8 13. Kh2 Nh5 14. Be3 f5 15.
Rc1 Qe8 16. Rc7 f4 17. Bc1 fxg3+ 18. fxg3 Rxf1 19. Bxf1 Be5 20. Ne2 Bb5 21. Nf4
Nxg3 22. Kxg3 g5 23. Qg4 Bxf1 24. Qxg5+ Qg6 25. Qxg6+ hxg6 26. Kg4 Bxf4 27.
Bxf4 Bg2 28. Rxe7 Bxe4 29. Rxe4 1-0

[Event "Outaouais op (TORO) U1900"]
[Site "Gatineau CAN"]
[Date "2014.06.??"]
[Round "2"]
[White "Gendron, Roger"]
[Black "Mathieu, Guillaume"]
[Result "0-1"]
[WhiteElo "1531"]
[BlackElo "1747"]
[PlyCount "80"]
[EventDate "2014.06.06"]
[EventType "swiss"]
[EventRounds "5"]
[EventCountry "CAN"]

1. c4 Nf6 2. Nc3 g6 3. g3 Bg7 4. Bg2 O-O 5. Nf3 c5 6. O-O Nc6 7. a3 d6 8. Rb1
Bf5 9. d3 Qd7 10. b4 cxb4 11. axb4 Bh3 12. b5 Na5 13. Bb2 Bxg2 14. Kxg2 b6 15.
e4 Rac8 16. Nd2 Qg4 17. Qxg4 Nxg4 18. Nd5 Rfe8 19. Bxg7 Kxg7 20. h3 Ne5 21. Nb4
Nd7 22. f4 e5 23. f5 f6 24. fxg6 hxg6 25. Rf3 Rf8 26. Rbf1 Rf7 27. Nd5 Rcf8 28.
Nc7 Nc5 29. Nb1 Rxc7 30. Nc3 Rcf7 31. g4 Nab3 32. R1f2 Nd4 33. Rg3 Nde6 34. Nd5
Nc7 35. Ne3 Kh7 36. Nf1 N7e6 37. h4 f5 38. exf5 Nf4+ 39. Kg1 gxf5 40. d4 Ne4
0-1